Pengetahuan Wajib Setiap Muslim
| Main Author: | |
|---|---|
| Format: | Book |
| Published: |
Selangor ,
Al-Hidayah Publications , 2010
|
| Subjects: |
MARC
| LEADER | 00000cam a2200000 7i4500 | ||
|---|---|---|---|
| 001 | 0000096130 | ||
| 005 | 20180507.0 | ||
| 008 | 120620 bm | ||
| 020 | |a 9789673681532 | ||
| 090 | 0 | 0 | |a 297.44 SEM |
| 100 | 1 | |a Seman bin Haji Ja"far, Ustaz | |
| 245 | 1 | 0 | |a Pengetahuan Wajib Setiap Muslim |c Ustaz Seman bin Haji Ja"far |
| 260 | |a Selangor , |c Al-Hidayah Publications , |c 2010 | ||
| 300 | |a xl,727p. ; |c 26cm. | ||
| 650 | 0 | 0 | |a Religion -Islamic-Tauhid |
| 999 | |a 0000129453 |b Buku |c Rujukan |e Perpustakaan Komuniti UTC Melaka | ||
| 999 | |a 0000129454 |b Buku |c Rak Terbuka |e Perpustakaan Komuniti UTC Melaka | ||